One Piece par la lettre R - Statistiques

Statistiques générales
  • Ce quiz a été pris 176 fois
    156 depuis la dernière actualisation
  • Le résultat moyen est 17 sur 29
Statistiques - réponses
Indice Réponse % Correct
Le roi des pirates Roger
99%
Seule survivante d'Ohara Robin
95%
Son second Rayleigh
92%
Luffy veut le devenir Roi des pirates
89%
Shanks le Roux
89%
Mère de Ace Rouge
86%
Équipage qui a réuni Big Mom, Barbe blanche et Kaido Rocks
80%
Réunion où discutent tous les rois Rêverie
76%
Samurai de légende Ryuma
76%
Fruit du démon de Bellamy Fruit du ressort
71%
Gladiatrice Rebecca
71%
4 stèles rouges Road ponéglyphe
63%
Fourreau rouge Raizo
62%
Immense chaîne de montagnes Red Line
62%
Corazon Rosinante
61%
Fruit du démon de Foxy Fruit ramollo
57%
Roi de Dressrosa Riku
56%
Lion de l'équipage de Baggy Ritchie
53%
Fruit du démon de Brook Fruit de la résurrection
51%
Premier arc de One Piece Romance Dawn
50%
Membre d'équipage de Shanks Rockstar
40%
Fruit du démon de Shû Fruit de la rouille
38%
Montagne entre les 4 mers Reverse Mountain
36%
Prince de l'île des hommes-poissons Ryuboshi
35%
Surnom de Kinemon Renard à la flamme
33%
Père de Saint Charlos Rosward
15%
Amoureuse de Senor Pink Russian
13%
Lapin de l'équipage de Big Mom Randolph
12%
Commandant de la 7ème division de Barbe blanche Rakuyou
7%
Aucun quiz correspondant
Distribution des résultats
% des personnes avec chaque résultat
Percentile par nombre de réponses
Votre historique - résultats
Vous n’avez pas pris ce quiz depuis la dernière actualisation